The coordination of public sector organizations (Record no. 618252)

MARC details
000 -LEADER
fixed length control field 01006nam a2200181 a 4500
008 - FIXED-LENGTH DATA ELEMENTS--GENERAL INFORMATION
fixed length control field 260330s2026##################000#0#eng##
020 ## - INTERNATIONAL STANDARD BOOK NUMBER
ISBN 9780230240115
082 04 - DEWEY DECIMAL CLASSIFICATION NUMBER
Classification number 351 BOU
100 ## - MAIN ENTRY--AUTHOR NAME
Personal name Geert Bouckaert
245 10 - TITLE STATEMENT
Title The coordination of public sector organizations
Sub Title : shifting patterns of public management
Statement of responsibility, etc \ by Geert Bouckaert, B. Guy Peters and Koen Verhoest
250 ## - EDITION STATEMENT
Edition statement 1st ed.
260 ## - PUBLICATION, DISTRIBUTION, ETC. (IMPRINT)
Place of publication Basingstoke
Name of publisher Palgrave Macmillan
Year of publication 2010
300 ## - PHYSICAL DESCRIPTION
Number of Pages xiv, 326 p. : ill.
Dimensions ; 23 cm.
520 ## - SUMMARY, ETC.
Summary, etc "This book discusses the trajectories of creating specialized autonomous units. An analysis of the mechanisms and measures taken for granting autonomy to specialised autonomous units and subsequently to coordinating them back is described. The book shows a range of patterns in the dynamics of specialization and coordination over 25 years"--Provided by publisher.
650 ## - SUBJECT ADDED ENTRY--TOPICAL TERM
Topical Term Public administration -- Planning Administrative agencies -- Management
942 ## - ADDED ENTRY ELEMENTS (KOHA)
Koha item type English Books
Holdings
Withdrawn status Lost status Damaged status Not for loan Home library Current library Shelving location Date acquired Full call number Accession Number Price effective from Koha item type
        Anna Centenary Library Anna Centenary Library 4TH FLOOR, A WING 30.03.2026 351 BOU 320129 30.03.2026 English Books

Find us on the map